000 00428nam a2200145Ia 4500
008 230917s9999||||xx |||||||||||||| ||und||
040 _e201067
_aMAIN
041 _aEnglish
082 _a338.4791 F422D
100 _aFesenmaier, Daniel, ed.
245 0 _aDestination recommendation systems: Behavioural foundations and applications
260 _aWallingford
_bCAB International
_c2006
300 _axvii, 347 p.
942 _cBK
999 _c169782
_d169782